| 000 | 00612nam a2200193 a 4500 | ||
|---|---|---|---|
| 001 | BRCA_202 | ||
| 005 | 20190320202922.0 | ||
| 008 | 950510s1991 ---#---###---#000-0#spa-d | ||
| 041 | _aspa | ||
| 050 | 4 |
_aF1391.M5 _b.G65 1991 |
|
| 100 | 1 |
_aGonzález y González, Luis _d1925- _9721 |
|
| 245 | 1 | 0 |
_aMichoacán _bmuestrario de México _cLuis González y González. |
| 260 |
_aGuadalajara, Jalisco _bBanca Promex _c1991 |
||
| 300 |
_a83 p. _bil. a color _c30 cm. |
||
| 650 | 1 | 4 |
_aMichoacán _xDescripción y viajes _9722 |
| 650 | 1 | 4 |
_aMichoacán _xVida social y costumbres _9723 |
| 653 | 0 | _aVida cotidiana | |
| 942 |
_2lcc _cB |
||
| 999 |
_c168 _d168 |
||